-
PATIL, DR. VIKAS V. & PATIL, DR. JAYVADAN K. AND PATIL, MR. KETAN B. & PATIL, MR. NARENDRA B
Entry Personal Name
Number of records used in: 1
001 - CONTROL NUMBER
003 - CONTROL NUMBER IDENTIFIER
005 - DATE AND TIME OF LATEST TRANSACTION
- control field:
20251124080206.0
008 - FIXED-LENGTH DATA ELEMENTS
- fixed length control field:
251124|| aca||aabn | a|a d
040 ## - CATALOGING SOURCE
- Original cataloging agency:
JRU
- Transcribing agency:
JRU
100 ## - HEADING--PERSONAL NAME
- Personal name:
PATIL, DR. VIKAS V. & PATIL, DR. JAYVADAN K. AND PATIL, MR. KETAN B. & PATIL, MR. NARENDRA B
670 ## - SOURCE DATA FOUND
- Source citation:
Work cat.: (JRU)8960: PATIL, DR. VIKAS V. & PATIL, DR. JAYVADAN K. AND PATIL, MR. KETAN B. & PATIL, MR. NARENDRA B. , MCQS BOOK FOR PHARMACY: GPAT/NIPER/DIPLOMA EXIT ENTRANCE EXAMS ORIENTED TO D.& B PHARM STUDENTS , 2023